|
|
|
|
| LEADER |
00000cam a2200000 7i4500 |
| 001 |
0000006957 |
| 005 |
20151222.0 |
| 008 |
070827 |
| 020 |
|
|
|a 9830753786(set)
|
| 020 |
|
|
|a 9830753875
|
| 090 |
0 |
0 |
|a BIO
|b ENG
|
| 245 |
0 |
0 |
|a James Watt
|
| 260 |
|
|
|a Selangor :
|b Penerbit Mikamas ,
|c 2005
|
| 440 |
|
|
|a World's Greatest Scientists
|
| 500 |
|
|
|a Children ages 10-12 years old (pink)
|
| 650 |
|
0 |
|a Biography
|
| 999 |
|
|
|a 0000987610
|b Book
|c Children Collection
|e Perbadanan Perpustakaan Awam Johor
|
| 999 |
|
|
|a 0000987611
|b Book
|c Children Collection
|e Perbadanan Perpustakaan Awam Johor
|
| 999 |
|
|
|a 0000987612
|b Book
|c Children Collection
|e Cawangan Kota Tinggi
|
| 999 |
|
|
|a 0000987613
|b Book
|c Children Collection
|e Cawangan Tangkak
|
| 999 |
|
|
|a 0000987614
|b Book
|c Children Collection
|e Cawangan Tangkak
|